000 00824nam a22002537a 4500
001 BR6004762
003 BR-BrBNA
005 20240130112032.0
007 ta
008 230509b bl.||||| |||| 00| 0 por d
040 _aBR-BrBNA
_bpor
_cBiblioteca Nacional de Agricultura
041 _a(Por)
072 _aA50
090 _aA50
_bBR6004762
110 1 _aInstituto de Pesquisa Agropecuaria Meridional, Curitiba, PR (Brasil)
_96100
111 1 _a11. Reuniao de Diretores de Pesquisa Agropecuaria Federal
_cBrasilia, DF (Brazil)
_d1972
245 1 _aProgramacao 1972/73 IPEAME [Instituto de Pesquisa Agropecuaria Meridional; Brasil]
260 3 _aCuritiba, PR (Brasil):
_c1972.
300 _a19 p.
650 _aPesquisa agricola
650 _aProjeto de pesquisa
650 _aPrograma de pesquisa
942 _cBK
_2AGRIS
999 _c12159
_d12159